<?xml version="1.0" encoding="UTF-8"?>
<record
    xmlns:xsi="http://www.w3.org/2001/XMLSchema-instance"
    xsi:schemaLocation="http://www.loc.gov/MARC21/slim http://www.loc.gov/standards/marcxml/schema/MARC21slim.xsd"
    xmlns="http://www.loc.gov/MARC21/slim">

  <leader>01597nam0a2200349   4500</leader>
  <controlfield tag="001">RU\NLR\BIBL_A\011797976</controlfield>
  <controlfield tag="005">20181008142648.0</controlfield>
  <datafield tag="010" ind1=" " ind2=" ">
    <subfield code="a">978-5-9524-5322-7</subfield>
    <subfield code="d">1500 &#x44D;&#x43A;&#x437;.</subfield>
  </datafield>
  <datafield tag="021" ind1=" " ind2=" ">
    <subfield code="a">RU</subfield>
    <subfield code="b">&#x41A;&#x41D;-&#x41F;-18-062151</subfield>
    <subfield code="9">&#x41A;&#x41D;-&#x41F;-18-4474</subfield>
  </datafield>
  <datafield tag="035" ind1=" " ind2=" ">
    <subfield code="a">(NLR Aleph) 011797976</subfield>
  </datafield>
  <datafield tag="035" ind1=" " ind2=" ">
    <subfield code="a">(RuMoRGB)009718990</subfield>
  </datafield>
  <datafield tag="090" ind1=" " ind2=" ">
    <subfield code="a">11856743</subfield>
    <subfield code="c">11856743</subfield>
  </datafield>
  <datafield tag="100" ind1=" " ind2=" ">
    <subfield code="a">20180924d2018    u  y0rusy50      ca</subfield>
  </datafield>
  <datafield tag="101" ind1="1" ind2=" ">
    <subfield code="a">rus</subfield>
    <subfield code="c">ger</subfield>
  </datafield>
  <datafield tag="102" ind1=" " ind2=" ">
    <subfield code="a">RU</subfield>
  </datafield>
  <datafield tag="105" ind1=" " ind2=" ">
    <subfield code="a">a|||zzzz0|0zd</subfield>
  </datafield>
  <datafield tag="200" ind1="1" ind2=" ">
    <subfield code="a">&#x420;&#x443;&#x441;&#x441;&#x43A;&#x430;&#x44F; &#x432;&#x43E;&#x435;&#x43D;&#x43D;&#x430;&#x44F; &#x43A;&#x430;&#x43C;&#x43F;&#x430;&#x43D;&#x438;&#x44F;. &#x41E;&#x43F;&#x44B;&#x442; &#x412;&#x442;&#x43E;&#x440;&#x43E;&#x439; &#x43C;&#x438;&#x440;&#x43E;&#x432;&#x43E;&#x439; &#x432;&#x43E;&#x439;&#x43D;&#x44B;, 1941-1945</subfield>
    <subfield code="f">&#x42D;&#x439;&#x43A;&#x435; &#x41C;&#x438;&#x434;&#x434;&#x435;&#x43B;&#x44C;&#x434;&#x43E;&#x440;&#x444;</subfield>
    <subfield code="g">[&#x43F;&#x435;&#x440;&#x435;&#x432;&#x43E;&#x434; &#x441; &#x43D;&#x435;&#x43C;&#x435;&#x446;&#x43A;&#x43E;&#x433;&#x43E; &#x421;. &#x42E;. &#x427;&#x443;&#x43F;&#x440;&#x43E;&#x432;&#x430;]</subfield>
  </datafield>
  <datafield tag="210" ind1=" " ind2=" ">
    <subfield code="a">&#x41C;&#x43E;&#x441;&#x43A;&#x432;&#x430;</subfield>
    <subfield code="c">&#x426;&#x435;&#x43D;&#x442;&#x440;&#x43F;&#x43E;&#x43B;&#x438;&#x433;&#x440;&#x430;&#x444;</subfield>
    <subfield code="d">2018</subfield>
  </datafield>
  <datafield tag="215" ind1=" " ind2=" ">
    <subfield code="a">414, [1] &#x441;.</subfield>
    <subfield code="c">&#x438;&#x43B;., &#x442;&#x430;&#x431;&#x43B;.</subfield>
    <subfield code="d">21</subfield>
  </datafield>
  <datafield tag="225" ind1="1" ind2=" ">
    <subfield code="a">&#x417;&#x430; &#x43B;&#x438;&#x43D;&#x438;&#x435;&#x439; &#x444;&#x440;&#x43E;&#x43D;&#x442;&#x430;</subfield>
    <subfield code="i">&#x412;&#x43E;&#x435;&#x43D;&#x43D;&#x430;&#x44F; &#x438;&#x441;&#x442;&#x43E;&#x440;&#x438;&#x44F;</subfield>
  </datafield>
  <datafield tag="300" ind1=" " ind2=" ">
    <subfield code="a">&#x41D;&#x430; &#x43E;&#x431;&#x43E;&#x440;&#x43E;&#x442;&#x435; &#x442;&#x438;&#x442;. &#x43B;. &#x430;&#x432;&#x442;.: &#x43D;&#x435;&#x43C;&#x435;&#x446;&#x43A;&#x438;&#x439; &#x432;&#x43E;&#x435;&#x43D;&#x43D;&#x44B;&#x439; &#x438;&#x441;&#x442;&#x43E;&#x440;&#x438;&#x43A;, &#x43E;&#x444;&#x438;&#x446;&#x435;&#x440; &#x432;&#x435;&#x440;&#x43C;&#x430;&#x445;&#x442;&#x430; &#x438; &#x433;&#x435;&#x43D;&#x435;&#x440;&#x430;&#x43B;-&#x43C;&#x430;&#x439;&#x43E;&#x440; &#x431;&#x443;&#x43D;&#x434;&#x435;&#x441;&#x432;&#x435;&#x440;&#x430; &#x42D;&#x439;&#x43A;&#x435; &#x41C;&#x438;&#x434;&#x434;&#x435;&#x43B;&#x44C;&#x434;&#x43E;&#x440;&#x444;</subfield>
  </datafield>
  <datafield tag="333" ind1=" " ind2=" ">
    <subfield code="a">16+</subfield>
  </datafield>
  <datafield tag="455" ind1=" " ind2="1">
    <subfield code="1">2000#$aTaktik im Russlandfeldzug</subfield>
    <subfield code="1">700#0$aMiddeldorf, Eike</subfield>
  </datafield>
  <datafield tag="606" ind1="1" ind2=" ">
    <subfield code="a">&#x412;&#x435;&#x43B;&#x438;&#x43A;&#x430;&#x44F; &#x41E;&#x442;&#x435;&#x447;&#x435;&#x441;&#x442;&#x432;&#x435;&#x43D;&#x43D;&#x430;&#x44F; &#x432;&#x43E;&#x439;&#x43D;&#x430;</subfield>
    <subfield code="z">1941 - 1945</subfield>
    <subfield code="j">&#x412;&#x43E;&#x441;&#x43F;&#x43E;&#x43C;&#x438;&#x43D;&#x430;&#x43D;&#x438;&#x44F;, &#x437;&#x430;&#x43F;&#x438;&#x441;&#x43A;&#x438; &#x438; &#x442;.&#x43F;</subfield>
    <subfield code="2">nlr_sh1</subfield>
    <subfield code="2">nlr_sh2</subfield>
    <subfield code="3">RU\NLR\AUTH\668893</subfield>
  </datafield>
  <datafield tag="686" ind1="1" ind2=" ">
    <subfield code="a">&#x422;3(2)722</subfield>
  </datafield>
  <datafield tag="686" ind1="1" ind2=" ">
    <subfield code="a">&#x426;35(2)722-2,2(4&#x413;),013</subfield>
  </datafield>
  <datafield tag="700" ind1=" " ind2="1">
    <subfield code="a">&#x41C;&#x438;&#x434;&#x434;&#x435;&#x43B;&#x44C;&#x434;&#x43E;&#x440;&#x444;</subfield>
    <subfield code="b">&#x42D;.</subfield>
    <subfield code="g">&#x42D;&#x439;&#x43A;&#x435;</subfield>
  </datafield>
  <datafield tag="942" ind1=" " ind2=" ">
    <subfield code="c">BOOK</subfield>
  </datafield>
  <datafield tag="980" ind1=" " ind2=" ">
    <subfield code="a">NBR</subfield>
  </datafield>
  <datafield tag="980" ind1=" " ind2=" ">
    <subfield code="a">NB</subfield>
  </datafield>
</record>
